000 00333nam a22001457a 4500
008 230907b ||||| |||| 00| 0 eng d
020 _a9780521313926
041 _aeng
080 _2SECOND EDITION
_a521
082 _a521DAV
100 _a19
101 _aASTRO
245 _aTHE FORCES OF NATURE
_cDAVIES.W.C.P
942 _2udc
_cBK
999 _c60284
_d60284